000 02011nam a22003497a 4500
005 2010092300390.0
010 _aENG-101555 B-430550 B-442737-738
020 _a9788125038634
_c650.00
035 _aEN-85088 B-430550 B-442737-738
037 _bDBAD/PUB
037 _bRBC/Ven
082 _a891.4
100 _aRaj Kumar
_933869
245 _aDalit personal narratives :
_cby Raj Kumar
_breading caste, nation, and identity /
260 _aNew Delhi
_bOrient Blackswan
_c2010
270 _a1/24 Asaf Ali Road
_bNew Delhi
_e110002
300 _ax,298p.
_c23cm (Hb)
500 _aIncludes bibliographical references (p. [262]-288) and index.
520 _aIn Indian context.
650 _aIndic prose literature
_xHistory and criticism.
_y20th century
_933870
650 _aIndic prose literature
_xDalit authors
_xBiography.
_933871
650 _aAutobiography
_xDalit authors
_xHistory and criticism.
_933872
650 _a Dalits
_xBiography
_xHistory and criticism.
_zIndia
_933873
700 _921394
942 _2ddc
_cEN
_mRAJ
_h891.4
999 _c47900
_d47900